00490nam a2200145Ia 4500008004100000082001200041082000800053245006300061245004600124260004600170300000900216942000800225999001900233952009200252231017s9999 xx 000 0 und d a363.125 bGUI 0aGuidelines for the development of road safety master plans 0cCity of Tshwane Metropolitan Municipality bCity of Tshwane Metropolitan Municipality c30cm cREP c605564d605564 00104070aNITbNITd2023-10-17l0o363.125 GUIpNIT-6942r2023-10-17w2023-10-17yREP